00873nam a22002417a 450000500170000001000130001702000220003003500130005203700160006504000120008108200180009324500980011126000410020927000710025030000210032150000190034265000280036165000310038970000270042094200270044799900190047495201380049320170124105942.0 aB-019331 c00.00a8173913633 aB-019331 bCen Lib/Ret aDPLbEN a338.4791bINT aInternational tourism :cedited by Prem Nath Dharbemerging challenges and future prospects / aNew DelhibKanishka Publishersc2000 a4697/ 5-21 A, Ansari Road, Daryaganj bNew Delhie110002 av,326p.c22cmHb) aIncludes index aHeritage tourism940580 aCulture and tourism940384 aDhar, Prem Nath911445 2ddccENh338.4791mINT c124635d124635 00104070aLbLd2015-06-17eCen Lib/Ret g0.00l0o338.4791 INTpB-019331r2015-06-17 00:00:00t1v0.00w2015-06-17yEN